AutoCAD avanzado: versión 11 incluye AME

Uloženo v:
Podrobná bibliografie
Hlavní autoři: López Fernández, Javier (autor), Tajadura Zapirain, José Antonio (Autor)
Médium: Kniha
Jazyk:španělština
Vydáno: Madrid McGraw-Hill Interamericana 1992
Témata:
Tagy: Přidat tag
Žádné tagy, Buďte první, kdo vytvoří štítek k tomuto záznamu!

MARC

LEADER 00000nam a2200000 a 4500
001 UCV5965
003 CL-VaPUC
008 921228e19920000SP |||||||||||||||||spa|d
082 0 4 |a 005.133  |b LOP  |2 21 
100 |a López Fernández, Javier  |e autor  |9 473147 
700 0 |a Tajadura Zapirain, José Antonio  |e author  |9 300196 
245 1 0 |a AutoCAD avanzado: versión 11 incluye AME 
300 |a 466 p 
942 |c BK 
945 |d 19921228 00:00:00 
260 |a Madrid  |b McGraw-Hill Interamericana  |c 1992 
650 0 |a AutoCAD   |x Lenguaje de programación para computadores   |9 262753 
650 7 |a DISEÑO ASISTIDO POR COMPUTADOR  |2 CL-VaPUC  |9 300197 
583 |a last modification  |c 19921228 00:00:00  |k Rodrigo Vera 
999 |c 212245  |d 212243 
952 |0 0  |1 0  |4 0  |6 005_133000000000000_LOP_1992  |7 0  |8 A  |9 192863  |a BIBING  |b BIBING  |d 2019-11-14  |i 2605112  |o 005.133 LOP 1992  |p 2605112  |r 2025-01-20  |w 2019-11-14  |y BK  |k CCL